书目信息 |
| 题名: |
怎样选用无线电电子元器件
|
|
| 作者: | 魏群 主编 ;刘可 编著 | |
| 分册: | ||
| 出版信息: | 北京 人民邮电出版社 2000.12 |
|
| 页数: | 437页 | |
| 开本: | 26cm | |
| 丛书名: | 电子爱好者实践丛书 | |
| 单 册: | ||
| 中图分类: | TN6 | |
| 科图分类: | ||
| 主题词: | 电子器件--基本知识 , 电子元件--基本知识 | |
| 电子资源: | ||
| ISBN: | 7-115-08842-X | |
| 000 | 01004nam 2200265 450 | |
| 001 | 012001031831 | |
| 005 | 20050913104658.97 | |
| 010 | @a7-115-08842-X@dCNY36.00 | |
| 100 | @a20010605d2000 em y0chiy0110 ea | |
| 101 | 0 | @achi |
| 102 | @aCN@b110000 | |
| 105 | @aa z 000yy | |
| 200 | 1 | @a怎样选用无线电电子元器件@Azen yang xuan yong wu xian dian dian zi yuan qi jian@f魏群主编@Fwei qun zhu bian@g刘可等编著@Gliu ke deng bian zhu |
| 210 | @a北京@c人民邮电出版社@d2000.12 | |
| 215 | @a437页@c图@d26cm | |
| 225 | 2 | @a电子爱好者实践丛书 |
| 330 | @a本书全面系统地介绍了电阻器、电位器、电容器、电感器和变压器、电声器件、晶体二极管、晶体三极管、场效应管、集成电路和晶体谐振器等的基本知识,性能特点、型号命名方法、主要参数,选用方法和使用知识。 | |
| 410 | 0 | @12001 @a电子爱好者实践丛书 |
| 606 | 0 | @a电子器件@x基本知识 |
| 606 | 0 | @a电子元件@x基本知识 |
| 690 | @aTN6@v4 | |
| 701 | 0 | @a魏群@Awei qun@4主编 |
| 702 | 0 | @a刘可@Aliu ke@4编著 |
| 801 | 0 | @aCN@bQSSK@c20050913 |
| 905 | @a10447@dTN6@eW593 | |
| 怎样选用无线电电子元器件/魏群主编/刘可等编著.-北京:人民邮电出版社,2000.12 |
| 437页:图;26cm.-(电子爱好者实践丛书) |
| ISBN 7-115-08842-X:CNY36.00 |
| 本书全面系统地介绍了电阻器、电位器、电容器、电感器和变压器、电声器件、晶体二极管、晶体三极管、场效应管、集成电路和晶体谐振器等的基本知识,性能特点、型号命名方法、主要参数,选用方法和使用知识。 |
| ● |
| 相关链接 |
|
|
|
正题名:怎样选用无线电电子元器件
索取号:TN6/W593
 
预约/预借
| 序号 | 登录号 | 条形码 | 馆藏地/架位号 | 状态 | 备注 |
| 1 | 562926 | 205629266 | 自科库301/301自科库 28排3列3层/ [索取号:TN6/W593] | 在馆 | |
| 2 | 562927 | 205629275 | 自科库301/301自科库 28排3列3层/ [索取号:TN6/W593] | 在馆 | |
| 3 | 562928 | 205629284 | 自科二线504/504自科库 14排3列3层/ [索取号:TN6/W593] | 在馆 |